01346nam a2200337Ia 450000500170000000800410001702000180005810000270007624501150010325000220021826400290024030000260026933600270029533700330032233800280035549000270038352100360041053400110044658600360045765000440049365000480053765000260058565000290061170000350064094200150067504000350069008400110072599900150073695201280075195201290087920220317001608.0161108s1994 ck g 000 f spa  a97895886993011 aOé, Kenzaburod1935-13aLa presacKenzaburo Oé ; traducción del japonés de Yoonah Kim con la colaboración de Joaquín Jordá aPrimera edición 1aBogotábAnagramac1994 a114 páginasc20 cm. atextobtxt2rdacontent asin mediaciónbn2rdamedia avolumenbnc2rdacarrier aPanorama de narrativas aRecomendado desde los 15 años tShiiku aPremio Nobel de Literatura 1994142LEMBaNovela juvenil japonesaySiglo XX142LEMBaLiteratura juvenil japonesaySiglo XX142LEMBaGuerravNovela 142LEMBaSecuestrovNovela 1 aYoonah, Kimetraductor9115763 2loccBKLIT aCO-BoRNBPbspaerdacCO-BoRNBP aN OEK1 c7472d7472 00102ddc40708GENaMECASARIbMECASARIcLITd2024-11-16l0oOEK1pBM0000615r2024-11-16 17:52:27tEj.1w2024-11-16yBKLIT 00102ddc40708GENaMEMAPJGAbMEMAPJGAcLITd2025-01-23l0oN OEK1pMPJG0108r2025-01-23 09:23:51tEj.1w2025-01-23yBKLIT